000 00761nam a2200229 i 4500
001 144231
003 ES-MaACL
005 20260130105234.0
007 t|
008 070214s1924 mx r ||||1| spa d
100 1 _aSierra, Justo,
_d1848-1912
_9160134
245 1 0 _aManual escolar de Historia general /
_cJusto Sierra.
250 _a4ª. ed.
260 _aMéxico :
_bSecretaría de Educación Pública,
_c1924.
300 _a698 p., 7 map. pleg. :
_bil. ;
_c23 cm.
530 _aDisponible en formato digital.
650 7 _aHistoria universal
_2embne
_913429
852 _aES-MaACL
_jA-1092
_cSPP1
856 4 _uhttp://bdh-rd.bne.es/viewer.vm?id=0000129704&page=1
_yBiblioteca Digital Hispánica
942 _2udc
999 _c144231
_d144231